000 00435nab a2200145Ia 4500
003 ES-SlBCS
005 20210601124257.0
008 140529s1952 xxu||||| |||| 00| 0 eng d
041 _aeng
100 1 _aWalker, Linus
_9138969
245 0 0 _aParadox as an Element in Poetic contemplation
_c Linus Walker
650 0 4 _aContemplación Poética
_9138970
773 0 _tDominicana
_gvol. 37, nº. 1, 1952, págs. 43-55
_wRev1398
942 _cAR
999 _c512182
_d512182